[Event "Paleochora op 9th"]
[Site "Paleochora"]
[Date "2016.07.20"]
[Round "1"]
[White "Colovic, Aleksandar"]
[Black "Liapi Zenebisi, Filippa Areti"]
[Result "1-0"]
[WhiteElo "2452"]
[BlackElo "1581"]
[PlyCount "71"]
[EventDate "2016.07.20"]
[EventType "swiss"]
[EventRounds "9"]
[EventCountry "GRE"]
[SourceTitle "EXT 2017"]
[Source "ChessBase"]
[SourceDate "2016.10.25"]
[SourceVersion "1"]
[SourceVersionDate "2016.10.25"]
[SourceQuality "1"]

1. e4 c5 2. Nf3 e6 3. d4 cxd4 4. Nxd4 Nc6 5. Nc3 Qc7 6. Be2 a6 7. Be3 b5 8. Nxc6 Qxc6 9. Bf3 Bb7 10. 0-0 Rc8 11. e5 Qc7 12. Bxb7 Qxb7 13. Qd3 Ne7 14. Rad1 Qc7 15. Bc5 Nc6 16. Bxf8 Kxf8 17. f4 Rd8 18. Ne4 Ne7 19. Nd6 Nd5 20. f5 f6 21. Qh3 Ke7 22. Kh1 Qxc2 23. Rxd5 exd5 24. Qa3 Rb8 25. Qg3 Rhg8 26. Re1 Kf8 27. e6 Ke7 28. exd7+ Kxd7 29. Qe3 Kc6 30. Qe6 Kc5 31. h3 Rgd8 32. Nf7 Re8 33. Qd6+ Kd4 34. Qf4+ Kd3 35. Qf3+ Kc4 36. Nd6+ 1-0

[Event "GRE-chT 44th"]
[Site "Achaia"]
[Date "2016.07.10"]
[Round "7.13"]
[White "Liapi Zenebisi, Filippa Areti"]
[Black "Mastrakouli, Evagelia"]
[Result "1-0"]
[WhiteElo "1581"]
[BlackElo "1636"]
[PlyCount "139"]
[EventDate "2016.07.05"]
[EventType "team-swiss"]
[EventRounds "7"]
[EventCountry "GRE"]
[SourceTitle "CBM 173 Extra"]
[Source "ChessBase"]
[SourceDate "2016.08.29"]
[SourceVersion "1"]
[SourceVersionDate "2016.08.29"]
[SourceQuality "1"]
[WhiteTeam "Egaleo CN"]
[BlackTeam "Naples Sykeon"]
[WhiteTeamCountry "GRE"]
[BlackTeamCountry "GRE"]

1. d4 Nf6 2. c4 g6 3. Nf3 Bg7 4. g3 d6 5. Bg2 0-0 6. 0-0 Nc6 7. Nc3 a6 8. e4 Bg4 9. Be3 Re8 10. h3 Bxf3 11. Bxf3 e5 12. d5 Nd4 13. Bg2 c5 14. dxc6 Nxc6 15. Qd2 Bf8 16. Bg5 Be7 17. Rad1 Nd4 18. b3 Rc8 19. Be3 Ne6 20. Nd5 Nxd5 21. Qxd5 Rc6 22. Rd2 Bf6 23. Qd3 Qe7 24. Rfd1 Bg5 25. Qc3 Bxe3 26. Qxe3 Nd4 27. f4 Rc5 28. Rf1 f6 29. Qd3 Rec8 30. Rdf2 b5 31. cxb5 axb5 32. Kh2 Rc3 33. Qb1 Rc2 34. a4 Qc7 35. axb5 Rxf2 36. Rxf2 Nxb5 37. b4 Qc3 38. Qa2+ Kg7 39. fxe5 dxe5 40. Qe6 Qc6 41. Qe7+ Kh6 42. Rxf6 Qc7 43. Rf7 Qxe7 44. Rxe7 Rc4 45. Rxe5 Rxb4 46. g4 g5 47. Re6+ Kg7 48. Rb6 Rb1 49. Rb7+ Kh6 50. e5 Nc3 51. Rc7 Re1 52. Rxc3 Rxe5 53. Kg3 Kg6 54. Rc6+ Kg7 55. Rc7+ Kg6 56. Bf1 Rd5 57. Rc3 Rd7 58. Bd3+ Kf6 59. Bf5 Re7 60. h4 gxh4+ 61. Kxh4 Kg7 62. Rd3 Rf7 63. Rd7 Rxd7 64. Bxd7 Kg6 65. Bf5+ Kh6 66. Be4 Kg7 67. Kh5 Kg8 68. Kh6 Kh8 69. Bf5 Kg8 70. Bxh7+ 1-0

[Event "GRE-ch U16 Girls"]
[Site "Kavala"]
[Date "2016.01.03"]
[Round "2"]
[White "Liapi Zenebisi, Filippa Areti"]
[Black "Lemoni, Maria Ioanna"]
[Result "1-0"]
[WhiteElo "1670"]
[BlackElo "1520"]
[PlyCount "53"]
[EventDate "2016.01.02"]
[EventType "swiss"]
[EventRounds "9"]
[EventCountry "GRE"]
[SourceTitle "EXT 2024"]
[Source "ChessBase"]
[SourceDate "2023.10.10"]
[SourceVersion "1"]
[SourceVersionDate "2023.10.10"]
[SourceQuality "1"]

1. d4 Nf6 2. c4 e6 3. g3 d5 4. Bg2 c6 5. Qc2 Be7 6. Nf3 0-0 7. 0-0 b6 8. Nbd2 Bb7 9. e4 Na6 10. a3 dxe4 11. Nxe4 c5 12. Nxf6+ Bxf6 13. Ng5 Bxg5 14. Bxb7 Bxc1 15. Raxc1 Nc7 16. Bxa8 Qxa8 17. Rcd1 cxd4 18. Rxd4 e5 19. Re4 Ne6 20. f3 Nd4 21. Qd3 Rd8 22. Rxe5 Qc6 23. Rd5 Rxd5 24. cxd5 Qc5 25. b4 Ne2+ 26. Kg2 Qe7 27. d6 1-0

[Event "GRE-chT 43rd"]
[Site "Porto Rio"]
[Date "2015.10.12"]
[Round "7.12"]
[White "Liapi Zenebisi, Filippa Areti"]
[Black "Farantouri, Marina"]
[Result "1-0"]
[WhiteElo "1675"]
[BlackElo "1358"]
[PlyCount "54"]
[EventDate "2015.10.08"]
[EventType "team-swiss"]
[EventRounds "7"]
[EventCountry "GRE"]
[SourceTitle "CBM 168 Extra"]
[Source "ChessBase"]
[SourceDate "2015.10.29"]
[SourceVersion "1"]
[SourceVersionDate "2015.10.29"]
[SourceQuality "1"]
[WhiteTeam "Aigaleo"]
[BlackTeam "New Filadelfeias"]
[WhiteTeamCountry "GRE"]
[BlackTeamCountry "GRE"]

1. d4 d5 2. c4 c6 3. Nf3 Nf6 4. Nbd2 Nbd7 5. g3 e6 6. Bg2 Bb4 7. 0-0 c5 8. cxd5 Nxd5 9. a3 Ba5 10. dxc5 Bxd2 11. Qxd2 Nxc5 12. Qc2 Nd7 13. Rd1 h6 14. e4 N5f6 15. Bf4 0-0 16. Bc7 Qe8 17. Bd6 Nb6 18. Bxf8 Qxf8 19. Qc7 Bd7 20. Qxb7 Nc4 21. e5 Rb8 22. Qxa7 Ba4 23. Rdc1 Nxb2 24. exf6 gxf6 25. Rab1 e5 26. Nd2 Ra8 27. Qxa8 Qxa8 1-0

[Event "GRE-chT 43rd"]
[Site "Porto Rio"]
[Date "2015.10.10"]
[Round "4.10"]
[White "Bouza, Mirto Eleni"]
[Black "Liapi Zenebisi, Filippa Areti"]
[Result "1/2-1/2"]
[WhiteElo "1359"]
[BlackElo "1675"]
[PlyCount "121"]
[EventDate "2015.10.08"]
[EventType "team-swiss"]
[EventRounds "7"]
[EventCountry "GRE"]
[SourceTitle "CBM 168 Extra"]
[Source "ChessBase"]
[SourceDate "2015.10.29"]
[SourceVersion "1"]
[SourceVersionDate "2015.10.29"]
[SourceQuality "1"]
[WhiteTeam "Glyfadas Zenon"]
[BlackTeam "Aigaleo"]
[WhiteTeamCountry "GRE"]
[BlackTeamCountry "GRE"]

1. c4 e5 2. Nc3 Nf6 3. g3 d5 4. cxd5 Nxd5 5. Bg2 Nb6 6. Nf3 Nc6 7. 0-0 Be7 8. b3 0-0 9. Bb2 Be6 10. Qc2 f5 11. d3 Bf6 12. Rac1 Re8 13. Qb1 Nd5 14. Nd2 Nd4 15. Rfe1 Nxc3 16. Bxc3 c6 17. Qb2 Bd5 18. e4 Be6 19. Nf3 Nxf3+ 20. Bxf3 Qxd3 21. Bg2 Qd6 22. Rcd1 Qc7 23. Rd2 Re7 24. Rde2 Rae8 25. Qc2 g6 26. Bh3 fxe4 27. Bxe6+ Rxe6 28. Rxe4 Bg7 29. f4 R6e7 30. Qe2 Qb6+ 31. Kh1 Qc7 32. fxe5 Re6 33. Qe3 c5 34. Bb2 Qc6 35. Kg1 b6 36. Rg4 Qd5 37. Re4 Rd8 38. Qf4 Rf8 39. Qe3 Rfe8 40. Qe2 Rd8 41. Rf1 Qc6 42. Rf3 Qc7 43. Rfe3 Rd5 44. Bc3 Qd7 45. Qg4 b5 46. Re2 Qe7 47. Qf4 Rd3 48. Bb2 Ra6 49. Bc1 g5 50. Qf1 h6 51. e6 Rdd6 52. Qe1 Bd4+ 53. Kg2 b4 54. Be3 Bc3 55. Qf2 Rxe6 56. Bxc5 Qb7 57. Kg1 Rxe4 58. Qf8+ Kh7 59. Qf5+ Kg8 60. Rxe4 Qb8 61. Qd5+ 1/2-1/2

[Event "GRE-chT 43rd"]
[Site "Porto Rio"]
[Date "2015.10.10"]
[Round "5.12"]
[White "Liapi Zenebisi, Filippa Areti"]
[Black "Kalyva, Kyriaki"]
[Result "1/2-1/2"]
[WhiteElo "1675"]
[BlackElo "1459"]
[PlyCount "213"]
[EventDate "2015.10.08"]
[EventType "team-swiss"]
[EventRounds "7"]
[EventCountry "GRE"]
[SourceTitle "CBM 168 Extra"]
[Source "ChessBase"]
[SourceDate "2015.10.29"]
[SourceVersion "1"]
[SourceVersionDate "2015.10.29"]
[SourceQuality "1"]
[WhiteTeam "Aigaleo"]
[BlackTeam "Patron"]
[WhiteTeamCountry "GRE"]
[BlackTeamCountry "GRE"]

1. d4 Nf6 2. c4 e6 3. g3 c6 4. Nf3 d5 5. Qc2 Be7 6. Bg2 0-0 7. 0-0 Nbd7 8. Nbd2 b6 9. Rd1 Ba6 10. b3 Rc8 11. e4 dxe4 12. Nxe4 Nxe4 13. Qxe4 Nf6 14. Qc2 Nd7 15. Bf4 Re8 16. Rac1 Bf6 17. Ne5 Bxe5 18. dxe5 Qc7 19. Rd6 Bb7 20. Rcd1 Nf8 21. c5 Red8 22. b4 Rxd6 23. exd6 Qd7 24. a4 Qe8 25. Be3 Nd7 26. Bd4 e5 27. Re1 f6 28. f4 Qh5 29. fxe5 fxe5 30. Qc4+ Qf7 31. Qxf7+ Kxf7 32. Bxe5 bxc5 33. Bh3 Nxe5 34. Rxe5 Re8 35. Rxe8 Kxe8 36. bxc5 a5 37. Kf2 Ba6 38. Bf1 Bc8 39. Bg2 Bd7 40. Ke3 Kf7 41. Kf4 Kf6 42. Bf3 g5+ 43. Ke3 g4 44. Be4 Ke5 45. Kd3 h6 46. Bg2 Bf5+ 47. Kc3 Bd7 48. Bh1 Be8 49. Kd3 Bd7 50. Bg2 Bf5+ 51. Ke3 Bd7 52. Bh1 Be8 53. Kd3 Bd7 54. Be4 Be8 55. Bg2 Bd7 56. Kc3 Be8 57. h3 h5 58. h4 Bd7 59. Kd3 Bf5+ 60. Ke3 Bd7 61. Be4 Be8 62. Kd3 Bd7 63. Bg2 Bf5+ 64. Ke3 Bd7 65. Bh1 Be8 66. Be4 Bd7 67. Bg2 Be8 68. Bh1 Bd7 69. Bg2 Be8 70. Be4 Bd7 71. Kd3 Be8 72. Bg2 Bd7 73. Kc3 Be8 74. Kc4 Bf7+ 75. Kd3 Be8 76. Ke3 Bd7 77. Bh1 Be8 78. Be4 Bd7 79. Bh1 Be8 80. Be4 Bd7 81. Bg2 Be8 82. Kd3 Bd7 83. Be4 Be8 84. Ke3 Bd7 85. Bg2 Be8 86. Be4 Bd7 87. Bh1 Be8 88. Be4 Bd7 89. Bg2 Be8 90. Be4 Bd7 91. Bg6 Kd5 92. Bxh5 Kxc5 93. Kf4 Kxd6 94. Bxg4 Be8 95. Ke4 c5 96. Bd1 Ke6 97. g4 Bg6+ 98. Ke3 Bh7 99. g5 c4 100. Kd4 Bd3 101. h5 Kf7 102. g6+ Kg7 103. Bf3 Bc2 104. Kxc4 Bxa4 105. Kc3 Be8 106. Kb3 Bxg6 107. hxg6 1/2-1/2

[Event "GRE-ch U16 Girls"]
[Site "Greece"]
[Date "2014.07.08"]
[Round "5"]
[White "Kokkota, Eleni"]
[Black "Liapi Zenebisi, Filippa Areti"]
[Result "0-1"]
[WhiteElo "1601"]
[BlackElo "1518"]
[PlyCount "70"]
[EventDate "2014.07.04"]
[EventType "swiss"]
[EventRounds "9"]
[EventCountry "GRE"]
[SourceTitle "EXT 2017"]
[Source "ChessBase"]
[SourceDate "2016.10.25"]
[SourceVersion "1"]
[SourceVersionDate "2016.10.25"]
[SourceQuality "1"]

1. d4 Nf6 2. c4 e6 3. Nc3 Bb4 4. e3 0-0 5. Nge2 d5 6. a3 Be7 7. cxd5 exd5 8. Nf4 c6 9. Bd3 a5 10. a4 Na6 11. 0-0 Re8 12. Re1 Nb4 13. Bb1 Bf8 14. f3 c5 15. Kh1 cxd4 16. exd4 Bd7 17. Nd3 Qb6 18. Ne2 Nc6 19. Nf2 Nxd4 20. Nxd4 Rxe1+ 21. Qxe1 Qxd4 22. Qd2 Re8 23. Nd3 Bf5 24. h3 Bxd3 25. Bxd3 Bc5 26. Kh2 Nh5 27. Qd1 Qe5+ 28. f4 Nxf4 29. Bxf4 Qxf4+ 30. Kh1 Bb4 31. Qh5 g6 32. Qxd5 Bd6 33. Kg1 Qe3+ 34. Kf1 Bg3 35. Qf3 Qe1+ 0-1

[Event "GRE-ch U16 Girls"]
[Site "Greece"]
[Date "2014.07.06"]
[Round "3"]
[White "Pramateftaki, Aspasia"]
[Black "Liapi Zenebisi, Filippa Areti"]
[Result "0-1"]
[WhiteElo "1352"]
[BlackElo "1518"]
[PlyCount "58"]
[EventDate "2014.07.04"]
[EventType "swiss"]
[EventRounds "9"]
[EventCountry "GRE"]
[SourceTitle "EXT 2017"]
[Source "ChessBase"]
[SourceDate "2016.10.25"]
[SourceVersion "1"]
[SourceVersionDate "2016.10.25"]
[SourceQuality "1"]

1. e4 c5 2. Nf3 e6 3. d4 cxd4 4. Nxd4 Nc6 5. Nc3 Qc7 6. f4 a6 7. Nxc6 Qxc6 8. Bd2 b5 9. Qe2 Bb7 10. 0-0-0 Rc8 11. Be1 Ne7 12. a3 Qc7 13. Bg3 Nc6 14. f5 Ne5 15. Qd2 Bc6 16. Be2 Be7 17. Rhf1 Bf6 18. Bh5 0-0 19. h3 Nc4 20. Qd3 Qb7 21. Be1 Bg5+ 22. Kb1 Ne3 23. Bd2 Nxd1 24. Bxg5 Nxc3+ 25. Qxc3 Bxe4 26. Qg3 Bxc2+ 27. Ka1 Bxf5 28. Bf6 Bg6 29. Bxg6 fxg6 0-1

[Event "GRE-ch U18 Girls"]
[Site "Thessaloniki"]
[Date "2014.01.07"]
[Round "6"]
[White "Fahantidou, Athina Mikaela"]
[Black "Liapi Zenebisi, Filippa Areti"]
[Result "1/2-1/2"]
[WhiteElo "1502"]
[BlackElo "1481"]
[PlyCount "59"]
[EventDate "2014.01.02"]
[EventType "swiss"]
[EventRounds "7"]
[EventCountry "GRE"]
[SourceTitle "EXT 2017"]
[Source "ChessBase"]
[SourceDate "2016.10.25"]
[SourceVersion "1"]
[SourceVersionDate "2016.10.25"]
[SourceQuality "1"]

1. d4 Nf6 2. c4 e6 3. Nf3 b6 4. g3 Bb7 5. Bg2 Be7 6. 0-0 0-0 7. Nc3 Ne4 8. Qc2 Nxc3 9. Qxc3 f5 10. Ne5 Bxg2 11. Kxg2 Na6 12. a3 c5 13. Be3 cxd4 14. Bxd4 Nc5 15. Bxc5 bxc5 16. Rad1 d6 17. Nc6 Qc7 18. Nxe7+ Qxe7 19. Rd3 Qb7+ 20. Kg1 Qa6 21. Rfd1 Rfd8 22. b4 cxb4 23. axb4 Rac8 24. b5 Qa2 25. R1d2 Qxc4 26. Qxc4 Rxc4 27. Rxd6 Rxd6 28. Rxd6 Rb4 29. Ra6 Rxb5 30. Rxa7 1/2-1/2

[Event "GRE-ch U18 Girls"]
[Site "Thessaloniki"]
[Date "2014.01.05"]
[Round "4"]
[White "Liapi Zenebisi, Filippa Areti"]
[Black "Vasileiou, Aimilia"]
[Result "0-1"]
[WhiteElo "1481"]
[BlackElo "1420"]
[PlyCount "66"]
[EventDate "2014.01.02"]
[EventType "swiss"]
[EventRounds "7"]
[EventCountry "GRE"]
[SourceTitle "EXT 2017"]
[Source "ChessBase"]
[SourceDate "2016.10.25"]
[SourceVersion "1"]
[SourceVersionDate "2016.10.25"]
[SourceQuality "1"]

1. d4 d5 2. Nf3 Nf6 3. c4 e6 4. g3 Be7 5. Bg2 0-0 6. Qc2 b6 7. 0-0 Bb7 8. Nbd2 Nbd7 9. Rd1 c5 10. cxd5 Bxd5 11. e4 Bb7 12. e5 Nd5 13. Ne4 Rc8 14. Qa4 Qc7 15. dxc5 Nxc5 16. Nxc5 Bxc5 17. Qg4 Rfd8 18. Bh6 Bf8 19. Rac1 Qd7 20. Bg5 Rxc1 21. Rxc1 Rc8 22. Rxc8 Bxc8 23. Nd4 Bb7 24. Be4 g6 25. Ne2 Qa4 26. a3 Qb3 27. Nd4 Qxb2 28. Nxe6 Qxe5 29. Bxd5 Qe1+ 30. Kg2 Bxd5+ 31. f3 Qe2+ 32. Kg1 Bxe6 33. Qf4 Bh3 0-1

[Event "GRE-ch U18 Girls"]
[Site "Thessaloniki"]
[Date "2014.01.03"]
[Round "2"]
[White "Liapi Zenebisi, Filippa Areti"]
[Black "Peskelidou, Emanouela"]
[Result "0-1"]
[WhiteElo "1481"]
[BlackElo "1506"]
[PlyCount "72"]
[EventDate "2014.01.02"]
[EventType "swiss"]
[EventRounds "7"]
[EventCountry "GRE"]
[SourceTitle "EXT 2017"]
[Source "ChessBase"]
[SourceDate "2016.10.25"]
[SourceVersion "1"]
[SourceVersionDate "2016.10.25"]
[SourceQuality "1"]

1. d4 Nf6 2. c4 e6 3. g3 Bb4+ 4. Bd2 Qe7 5. Bg2 Bxd2+ 6. Qxd2 d6 7. Nf3 0-0 8. Nc3 e5 9. 0-0 Re8 10. e4 Nbd7 11. Rfe1 c6 12. b4 Nf8 13. h3 Ng6 14. d5 cxd5 15. cxd5 Bd7 16. Rac1 h6 17. Qd3 a6 18. a4 Nh7 19. h4 Rf8 20. h5 Nh8 21. Nh4 g6 22. hxg6 fxg6 23. Ne2 Bxa4 24. Bh3 Ng5 25. Bg2 Qd7 26. f4 Nh3+ 27. Bxh3 Qxh3 28. fxe5 dxe5 29. Nc3 Bd7 30. Re2 Rf7 31. Rh2 Qg4 32. Nd1 Bb5 33. Qe3 Rf1+ 34. Kg2 Rxd1 35. Rxd1 Qxd1 36. Qxh6 Qf1# 0-1

[Event "GRE-ch U14 Girls"]
[Site "Patras"]
[Date "2013.07.09"]
[Round "3.2"]
[White "Liapi Zenebisi, Filippa Areti"]
[Black "Pasoglou, Ekaterini"]
[Result "0-1"]
[WhiteElo "1518"]
[BlackElo "1609"]
[PlyCount "132"]
[EventDate "2013.07.08"]
[EventType "swiss"]
[EventRounds "9"]
[EventCountry "GRE"]
[SourceTitle "EXT 2024"]
[Source "ChessBase"]
[SourceDate "2023.10.10"]
[SourceVersion "1"]
[SourceVersionDate "2023.10.10"]
[SourceQuality "1"]

1. d4 Nf6 2. g3 e6 3. Bg2 c5 4. Nf3 cxd4 5. Nxd4 d5 6. 0-0 Nc6 7. c4 Bc5 8. Nb3 Be7 9. cxd5 Nxd5 10. Nc3 Nxc3 11. bxc3 Qc7 12. Qc2 Bf6 13. Bb2 0-0 14. Rac1 Bd7 15. Rfd1 Rac8 16. c4 Ne5 17. c5 Bc6 18. e4 Nd7 19. Ba3 Be7 20. Bb2 Ba4 21. Qc3 Bf6 22. Qd2 Rfd8 23. Qe2 a6 24. Bxf6 Nxf6 25. Rd2 Rxd2 26. Qxd2 Nd7 27. Qb4 Bxb3 28. axb3 a5 29. Qd4 Nxc5 30. e5 b6 31. Qd6 Qb8 32. Rc3 Rd8 33. Qc6 Rd1+ 34. Bf1 Re1 35. f4 Qd8 36. Rc2 h6 37. Rf2 Nxb3 38. Kg2 Rd1 39. Be2 Rd2 40. Bb5 Rxf2+ 41. Kxf2 Qd2+ 42. Kf1 Qc1+ 43. Qxc1 Nxc1 44. Kf2 Kf8 45. Ke3 Nb3 46. Kd3 Nc5+ 47. Kd4 Ke7 48. Kc4 Kd8 49. Kd4 Kc7 50. Kc4 f6 51. Kd4 Nd7 52. h3 Nc5 53. g4 Kb7 54. Kc4 Na6 55. Kd4 Nc7 56. Bc4 b5 57. Ba2 Kb6 58. Ke4 Kc5 59. Kd3 a4 60. f5 fxe5 61. fxe6 Kd6 62. Ke4 Nxe6 63. Ke3 b4 64. Kd3 b3 65. Bb1 a3 66. Kc3 a2 0-1

[Event "GRE-chT 41st"]
[Site "Achaia"]
[Date "2013.07.05"]
[Round "5.7"]
[White "Liapi Zenebisi, Filippa Areti"]
[Black "Koutsotoli, Ourania"]
[Result "0-1"]
[WhiteElo "1518"]
[BlackElo "1319"]
[PlyCount "94"]
[EventDate "2013.07.02"]
[EventType "team-swiss"]
[EventRounds "7"]
[EventCountry "GRE"]
[SourceTitle "CBM 155 Extra"]
[Source "ChessBase"]
[SourceDate "2013.08.26"]
[SourceVersion "1"]
[SourceVersionDate "2013.08.26"]
[SourceQuality "1"]
[WhiteTeam "Egaleo CN"]
[BlackTeam "Florinas OP"]
[WhiteTeamCountry "GRE"]
[BlackTeamCountry "GRE"]

1. d4 d5 2. Nf3 Nf6 3. c4 e6 4. g3 dxc4 5. Qa4+ Nbd7 6. Bg2 a6 7. Qxc4 c5 8. 0-0 b5 9. Qc2 Bb7 10. dxc5 Bxc5 11. Nbd2 0-0 12. b3 Rc8 13. Qd1 Qb6 14. h3 Rfd8 15. e3 Nd5 16. Qe2 N7f6 17. a3 Nc3 18. Qe1 Nfe4 19. Bb2 Bd5 20. Nxe4 Nxe4 21. b4 Be7 22. Bd4 Qb7 23. Kh2 Bf6 24. Rg1 Rc4 25. Ne5 Bxe5 26. Bxe5 f6 27. Bxe4 Bxe4 28. Bd4 e5 29. Bc5 Rd3 30. Qe2 Rcc3 31. Rgc1 Rxa3 32. Rxa3 Rxa3 33. Qb2 Rd3 34. Qa2+ Bd5 35. Qe2 Bc4 36. Qe1 Qf3 37. Kg1 Bd5 38. Kf1 Qg2+ 39. Ke2 Bc4 40. Rxc4 bxc4 41. Qa1 Qxh3 42. Qg1 Qg4+ 43. f3 Qd7 44. Qc1 c3 45. f4 e4 46. Bd4 Rd2+ 47. Ke1 Qg4 0-1

[Event "GRE-chT 41st"]
[Site "Achaia"]
[Date "2013.07.03"]
[Round "2.7"]
[White "Liapi Zenebisi, Filippa Areti"]
[Black "Filoxeni, Danai"]
[Result "1-0"]
[WhiteElo "1518"]
[BlackElo "1432"]
[PlyCount "101"]
[EventDate "2013.07.02"]
[EventType "team-swiss"]
[EventRounds "7"]
[EventCountry "GRE"]
[SourceTitle "CBM 155 Extra"]
[Source "ChessBase"]
[SourceDate "2013.08.26"]
[SourceVersion "1"]
[SourceVersionDate "2013.08.26"]
[SourceQuality "1"]
[WhiteTeam "Egaleo CN"]
[BlackTeam "Chania Kydon"]
[WhiteTeamCountry "GRE"]
[BlackTeamCountry "GRE"]

1. d4 d5 2. Nf3 Nf6 3. c4 e6 4. g3 c6 5. Qc2 dxc4 6. Qxc4 b5 7. Qc2 Bb7 8. Bg2 Nbd7 9. a4 a6 10. Qd3 Be7 11. 0-0 0-0 12. Nbd2 Qc7 13. b3 Rfd8 14. Ba3 b4 15. Bb2 Nc5 16. Qc2 Ncd7 17. Rac1 Rac8 18. Rfd1 c5 19. dxc5 Qxc5 20. Nc4 Be4 21. Qd2 Ne5 22. Qe1 Rxd1 23. Qxd1 Rd8 24. Ncd2 Qd5 25. Bxe5 Bxf3 26. Bxf3 Qxe5 27. Qc2 Qc3 28. Ne4 Qxc2 29. Rxc2 Nxe4 30. Bxe4 f5 31. Bd3 a5 32. Rc7 Bf6 33. Bc4 Rd6 34. Ra7 Bd4 35. Rxa5 Kf7 36. Rb5 Bc3 37. a5 Ke7 38. a6 Rd7 39. Rb6 e5 40. Rb7 Bd4 41. Rxb4 Kd6 42. Rb5 Ra7 43. e3 Bc3 44. b4 g6 45. Rd5+ Kc6 46. b5+ Kc7 47. Rc5+ Kb8 48. b6 Re7 49. a7+ Kb7 50. Rc7+ Rxc7 51. bxc7 1-0

[Event "Attica-ch U14 Girls 13"]
[Site "Athens"]
[Date "2012.12.22"]
[Round "1.2"]
[White "Skiadaresi, Antonia"]
[Black "Liapi Zenebisi, Filippa Areti"]
[Result "1-0"]
[WhiteElo "1376"]
[BlackElo "1516"]
[PlyCount "131"]
[EventDate "2012.12.22"]
[EventType "swiss"]
[EventRounds "7"]
[EventCountry "GRE"]
[SourceTitle "EXT 2024"]
[Source "ChessBase"]
[SourceDate "2023.10.10"]
[SourceVersion "1"]
[SourceVersionDate "2023.10.10"]
[SourceQuality "1"]

1. d4 Nf6 2. Nf3 e6 3. g3 b6 4. Bg2 Bb7 5. 0-0 Be7 6. c4 0-0 7. Nbd2 Ne4 8. Qc2 f5 9. b3 d6 10. Bb2 Nd7 11. Rac1 c5 12. Rfd1 Ndf6 13. Ne1 cxd4 14. Bxd4 e5 15. Bb2 Qc7 16. Nxe4 Nxe4 17. Qd3 Qc5 18. e3 Rad8 19. Nc2 d5 20. Bxe5 dxc4 21. Qxc4+ Qxc4 22. bxc4 Ba6 23. Nd4 Rc8 24. Bf1 Bb4 25. Nb3 Rc6 26. Rd7 Nf6 27. Rxa7 b5 28. cxb5 Rxc1 29. Nxc1 Bc8 30. b6 Be6 31. b7 Bc5 32. Ra8 Nd7 33. Rxf8+ Kxf8 34. b8Q+ Nxb8 35. Bxb8 Ke7 36. a4 Bb6 37. Bb5 Bd7 38. Bxd7 Kxd7 39. Nb3 Kc8 40. Be5 g6 41. Bd4 Bc7 42. Kf1 Kb7 43. a5 Ka6 44. Ke2 Kb5 45. Kd3 Bd8 46. e4 fxe4+ 47. Kxe4 Bc7 48. f4 Bd8 49. g4 Ka4 50. f5 Be7 51. f6 Bf8 52. Kd5 g5 53. Ke6 Kb5 54. f7 Ka6 55. Kd7 Kb5 56. Ke8 Bh6 57. f8Q Bxf8 58. Kxf8 Ka6 59. Ke7 Kb5 60. Kd7 Ka6 61. Kc7 h6 62. Bb6 Kb5 63. Nc5 Kb4 64. a6 Kc4 65. a7 Kc3 66. a8Q 1-0

[Event "Attica-ch U14 Girls"]
[Site "Peristeri"]
[Date "2012.04.17"]
[Round "1"]
[White "Sagia, Georgia"]
[Black "Liapi Zenebisi, Filippa Areti"]
[Result "0-1"]
[WhiteElo "1010"]
[BlackElo "1473"]
[PlyCount "50"]
[EventDate "2012.04.17"]
[EventType "swiss"]
[EventRounds "7"]
[EventCountry "GRE"]
[SourceTitle "EXT 2024"]
[Source "ChessBase"]
[SourceDate "2023.10.10"]
[SourceVersion "1"]
[SourceVersionDate "2023.10.10"]
[SourceQuality "1"]

1. e4 c5 2. Nf3 e6 3. Nc3 Nc6 4. d3 a6 5. g3 Qc7 6. Bg2 Nf6 7. 0-0 Be7 8. Re1 d6 9. a3 d5 10. e5 Nd7 11. Qe2 b5 12. Nd1 Bb7 13. b3 Ndxe5 14. Nxe5 Nxe5 15. Bb2 Nd7 16. Bxg7 Rg8 17. Be5 Nxe5 18. Qxe5 Qxe5 19. Rxe5 Bf6 20. f4 Bxe5 21. fxe5 Rg5 22. Nf2 Rxe5 23. Ng4 Rg5 24. Nf6+ Ke7 25. Nxh7 Rg7 0-1